| 000 | 00456nam a22001457a 4500 | ||
|---|---|---|---|
| 005 | 20231214124311.0 | ||
| 008 | 231212b |||||||| |||| 00| 0 eng d | ||
| 082 |
_a629.13 _bAIR-B |
||
| 245 |
_aATA-05: Time limits maintenance checks(level-1): _bTraining Manual-Aviation,B1.1 Type Course, _cSuperior Aviation Training Center(SATC) |
||
| 300 | _a11 | ||
| 500 | _aAirbus A318/A318/A321(CFN56/IAE V2500) | ||
| 650 | _aAviation | ||
| 700 | _aSATC | ||
| 999 |
_c34901 _d34901 |
||